Evaluación de riesgos laborales de seguridad del trabajo en las áreas : edificio administrativo, bodega de cosmético, bodega de consumo en la empresa Merconica S,A

El presente estudio tiene como objetivo realizar un plan de acción, para la prevención de riesgos. Lográndose por medio del análisis, evaluación de los peligros existentes en la empresa Mecánica S. A. Identifica los peligros por puestos de trabajo, a los cuales se encuentran expuestos los tra...

Full description

Bibliographic Details
Main Authors: González Aguilar, Armando Alexander, Hernández Paiz, Ivonne del Socorro., López Jovel, Heydi Elizabet
Other Authors: Tutor: Gutiérrez Martínez, Marbel Evaristo
Format: Tesis Section = Libro
Language:Undetermined
Spanish
Published: Managua UNI 2015
Subjects:
LEADER 01427nam a2200313Ia 4500
008 240830s9999 xx 000 0 und d
040 |a BIBLIOTECA-RUPAP Mon 658.38 G643 
041 |a spa 
082 |a Mon 658.38 G643 
100 1 |a González Aguilar, Armando Alexander 
100 1 |b Hernández Paiz, Ivonne del Socorro.  
100 1 |c López Jovel, Heydi Elizabet 
245 1 0 |a Evaluación de riesgos laborales de seguridad del trabajo en las áreas : edificio administrativo, bodega de cosmético, bodega de consumo en la empresa Merconica S,A 
260 |a Managua  |b UNI  |c 2015 
300 |a 103 p. :il. 
500 |a Contiene: anexos y CD. 
502 |a Tesis (Ingeniero Industrial)- UNI, 2015. 
520 3 |a El presente estudio tiene como objetivo realizar un plan de acción, para la prevención de riesgos. Lográndose por medio del análisis, evaluación de los peligros existentes en la empresa Mecánica S. A. Identifica los peligros por puestos de trabajo, a los cuales se encuentran expuestos los trabajadores en la empresa. 
650 7 |a RIESGOS LABORALES 
650 7 |b HIGIENE Y SEGURIDAD 
650 7 |c PREVENCION DE ACCIDENTES 
650 7 |d ACCIDENTES LABORALES 
650 7 |e EVALUACION DE RIESGOS 
650 7 |f MAPAS DE RIESGOS 
650 7 |g SEGURIDAD Y SALUD EN EL TRABAJO 
700 1 |a Tutor:  |b Gutiérrez Martínez, Marbel Evaristo 
942 |c BK  |2 ddc 
991 |a TESIS 
999 |c 17114